| 000 | 00508cam a2200193ua 4500 | ||
|---|---|---|---|
| 001 | 6566 | ||
| 008 | 140213n ii |||gr||||Z||||||eng | ||
| 040 | _cMAIN | ||
| 082 | _a336.24 | ||
| 245 |
_aIncome tax law and practice _cBy V.P. Gaur |
||
| 250 | _a22nd rev & enl ed. | ||
| 260 |
_aLudhiana: _bKalyani publishers, _c1974. |
||
| 300 | _axiv,1/18p. | ||
| 653 | _aPublic finance | ||
| 653 | _aIncome tax law and practice | ||
| 700 |
_aGaur,V.P., _eAuthor., |
||
| 700 |
_aNarang,D.B., _eAuthor. |
||
| 942 | _cBK | ||
| 999 |
_c5715 _d5715 |
||